Science Quiz

Random Science or Logic Quiz

Magic Hexagon Quiz Stats

 Plays Quiz Updated May 15, 2015

Also try: Pascal's Triangle
Challenge
Share
Tweet
Score 0/13 Timer 06:00
2 Plays Today
% Correct
 12 
98.5%
 14 
96.3%
  2  
84%
 17 
83.1%
  6  
81.7%
  9  
81.7%
  1  
81.7%
  3  
81.7%
 18 
81.1%
19 
81%
 15 
80.9%
 13 
80.8%
 11 
80.6%

You're not logged in!

Compare scores with friends on all Sporcle quizzes.
OR
Log In

You Might Also Like...

Show Comments

Extras

Top Quizzes Today


Score Distribution

Your Account Isn't Verified!

In order to create a playlist on Sporcle, you need to verify the email address you used during registration. Go to your Sporcle Settings to finish the process.

Report this User

Report this user for behavior that violates our Community Guidelines.

Details: